<?xml version="1.0" encoding="UTF-8"?>
<record
    xmlns:xsi="http://www.w3.org/2001/XMLSchema-instance"
    xsi:schemaLocation="http://www.loc.gov/MARC21/slim http://www.loc.gov/standards/marcxml/schema/MARC21slim.xsd"
    xmlns="http://www.loc.gov/MARC21/slim">

  <leader>01113nam a2200253 a 4500</leader>
  <controlfield tag="005">20171019081045.0</controlfield>
  <controlfield tag="008">120426s2009    ck a   gr     000u0 spa d</controlfield>
  <datafield tag="015" ind1=" " ind2=" ">
    <subfield code="a">ck-2009-xxxx</subfield>
  </datafield>
  <datafield tag="040" ind1=" " ind2=" ">
    <subfield code="a">CO-BoIAVH</subfield>
    <subfield code="c">CO-BoIAVH</subfield>
  </datafield>
  <datafield tag="041" ind1="0" ind2=" ">
    <subfield code="a">spa</subfield>
  </datafield>
  <datafield tag="043" ind1=" " ind2=" ">
    <subfield code="a">s-ck---</subfield>
  </datafield>
  <datafield tag="082" ind1="0" ind2="4">
    <subfield code="a">581.5 </subfield>
    <subfield code="b">G934i</subfield>
  </datafield>
  <datafield tag="245" ind1="0" ind2="0">
    <subfield code="a">Ingredientes naturales de doce especies nativas colombianas / </subfield>
    <subfield code="c">compilaci&#xF3;n y edici&#xF3;n de textos Jairo Miguel Guerra G.</subfield>
  </datafield>
  <datafield tag="260" ind1=" " ind2=" ">
    <subfield code="a">Bogo&#xE1; : </subfield>
    <subfield code="b">Instituto de Investigaciones de Recursos Biol&#xF3;gicos Alexander von Humboldt, </subfield>
    <subfield code="c">2009.</subfield>
  </datafield>
  <datafield tag="300" ind1=" " ind2=" ">
    <subfield code="a">26 p. : </subfield>
    <subfield code="b">il. ; </subfield>
    <subfield code="c">22 cm.</subfield>
  </datafield>
  <datafield tag="505" ind1=" " ind2=" ">
    <subfield code="a">Achiote
A&#xF1;il
B&#xE1;lsamo de Tol&#xFA;
Boroj&#xF3;
Dividivi
Gualanday
Huito - Jagua
Ipecacuana
Mara&#xF1;&#xF3;n
Mu&#xF1;a
Prontoalivio
Uva de an&#xED;s
</subfield>
  </datafield>
  <datafield tag="650" ind1=" " ind2=" ">
    <subfield code="a">Ecolog&#xED;a vegetal</subfield>
    <subfield code="z"> Colombia.</subfield>
    <subfield code="9">86397</subfield>
  </datafield>
  <datafield tag="650" ind1=" " ind2="4">
    <subfield code="a">Comunidades de plantas</subfield>
    <subfield code="z"> Colombia.</subfield>
    <subfield code="9">86398</subfield>
  </datafield>
  <datafield tag="650" ind1=" " ind2="4">
    <subfield code="a">Ecolog&#xED;a</subfield>
    <subfield code="x"> Investigaciones</subfield>
    <subfield code="z"> Colombia.</subfield>
    <subfield code="9">86399</subfield>
  </datafield>
  <datafield tag="650" ind1=" " ind2="4">
    <subfield code="a">Diversidad biol&#xF3;gica</subfield>
    <subfield code="x"> Investigaciones</subfield>
    <subfield code="z"> Colombia.</subfield>
    <subfield code="9">86400</subfield>
  </datafield>
  <datafield tag="700" ind1="1" ind2=" ">
    <subfield code="a">Guerra G., Jairo Miguel, </subfield>
    <subfield code="e">comp.</subfield>
    <subfield code="9">357</subfield>
  </datafield>
  <datafield tag="856" ind1=" " ind2=" ">
    <subfield code="u">http://hdl.handle.net/20.500.11761/33624</subfield>
  </datafield>
  <datafield tag="942" ind1=" " ind2=" ">
    <subfield code="2">ddc</subfield>
    <subfield code="c">ARTICULO</subfield>
    <subfield code="0">3</subfield>
  </datafield>
  <datafield tag="999" ind1=" " ind2=" ">
    <subfield code="c">7348</subfield>
    <subfield code="d">7348</subfield>
  </datafield>
  <datafield tag="952" ind1=" " ind2=" ">
    <subfield code="0">0</subfield>
    <subfield code="1">0</subfield>
    <subfield code="2">z</subfield>
    <subfield code="4">0</subfield>
    <subfield code="7">0</subfield>
    <subfield code="8">HUMBOLDT</subfield>
    <subfield code="a">Bogota</subfield>
    <subfield code="b">Bogota</subfield>
    <subfield code="d">2013-07-08</subfield>
    <subfield code="l">0</subfield>
    <subfield code="o">FH-0046</subfield>
    <subfield code="p">028554</subfield>
    <subfield code="r">2013-07-08 00:00:00</subfield>
    <subfield code="t">Ej. 1</subfield>
    <subfield code="w">2013-07-08</subfield>
    <subfield code="x">Institucional</subfield>
    <subfield code="y">Folleto</subfield>
  </datafield>
  <datafield tag="952" ind1=" " ind2=" ">
    <subfield code="0">0</subfield>
    <subfield code="1">0</subfield>
    <subfield code="2">z</subfield>
    <subfield code="4">0</subfield>
    <subfield code="7">0</subfield>
    <subfield code="8">HUMBOLDT</subfield>
    <subfield code="a">Bogota</subfield>
    <subfield code="b">Bogota</subfield>
    <subfield code="d">2013-07-08</subfield>
    <subfield code="l">1</subfield>
    <subfield code="m">1</subfield>
    <subfield code="o">FH-0046</subfield>
    <subfield code="p">028553</subfield>
    <subfield code="r">2019-12-12 00:00:00</subfield>
    <subfield code="s">2018-08-15</subfield>
    <subfield code="t">Ej. 2</subfield>
    <subfield code="w">2013-07-08</subfield>
    <subfield code="x">Institucional</subfield>
    <subfield code="y">Folleto</subfield>
  </datafield>
  <datafield tag="952" ind1=" " ind2=" ">
    <subfield code="0">0</subfield>
    <subfield code="1">0</subfield>
    <subfield code="2">z</subfield>
    <subfield code="4">0</subfield>
    <subfield code="7">0</subfield>
    <subfield code="8">HUMBOLDT</subfield>
    <subfield code="a">Venado</subfield>
    <subfield code="b">Venado</subfield>
    <subfield code="d">2014-09-12</subfield>
    <subfield code="l">3</subfield>
    <subfield code="o">FH-0046</subfield>
    <subfield code="p">038354</subfield>
    <subfield code="r">2016-02-12 00:00:00</subfield>
    <subfield code="s">2016-02-12</subfield>
    <subfield code="t">Ej. 3</subfield>
    <subfield code="w">2014-09-12</subfield>
    <subfield code="x">Institucional</subfield>
    <subfield code="y">Folleto</subfield>
  </datafield>
</record>
